Catalog

Record Details

Catalog Search



American fairy tales : from Rip Van Winkle to the Rootabaga stories  Cover Image Book Book

American fairy tales : from Rip Van Winkle to the Rootabaga stories / compiled by Neil Philip ; illustrated by Michael McCurdy ; preface by Alison Lurie.

Philip, Neil. (Added Author). McCurdy, Michael. (Added Author).

Summary:

Includes works and discussion of Washington Irving, Horace E. Scudder, M.S.B., Frank Stockton, Howard Pyle, Louisa May Alcott, L. Frank Baum, Laura E. Richards, Ruth Plumly Thompson, Will Bradley, Carl Sandburg, and Neil Philip.

Record details

  • ISBN: 0786802073 (trade)
  • ISBN: 9780786802074 (trade)
  • ISBN: 078682171X (lib.)
  • ISBN: 9780786821716 (lib)
  • ISBN: 0786810939 (pbk.)
  • Physical Description: 160 pages : illustrations ; 27 cm.
  • Edition: 1st edition
  • Publisher: New York : Hyperion, c1996.

Content descriptions

Bibliography, etc. Note:
Includes bibliographical references (p. 158-159).
Subject: Fairy tales > United States.
Children's stories, American.
Short stories.
Genre: Fairy tales.

LDR 01500cam a2200373 a 4500
001124867
003CONS
00520140703073302.0
008951102s1996 nyua j b 000 1 eng
010 . ‡a 95049143
020 . ‡a0786802073 (trade)
020 . ‡a9780786802074 (trade)
020 . ‡a078682171X (lib.)
020 . ‡a9780786821716 (lib)
020 . ‡a0786810939 (pbk.)
035 . ‡a(CPomAG)LMN489778
043 . ‡an-us---
05000. ‡aPZ8 ‡b.A449 1996
08200. ‡a[Fic] ‡220
24500. ‡aAmerican fairy tales : ‡bfrom Rip Van Winkle to the Rootabaga stories / ‡ccompiled by Neil Philip ; illustrated by Michael McCurdy ; preface by Alison Lurie.
250 . ‡a1st edition
260 . ‡aNew York : ‡bHyperion, ‡cc1996.
300 . ‡a160 pages : ‡billustrations ; ‡c27 cm.
504 . ‡aIncludes bibliographical references (p. 158-159).
520 . ‡aIncludes works and discussion of Washington Irving, Horace E. Scudder, M.S.B., Frank Stockton, Howard Pyle, Louisa May Alcott, L. Frank Baum, Laura E. Richards, Ruth Plumly Thompson, Will Bradley, Carl Sandburg, and Neil Philip.
650 0. ‡aFairy tales ‡zUnited States.
650 0. ‡aChildren's stories, American.
650 0. ‡aShort stories.
655 7. ‡aFairy tales. ‡2gsafd
7001 . ‡aPhilip, Neil.
7001 . ‡aMcCurdy, Michael.
914 . ‡dLMN_cm
959 . ‡i32269000514334 ‡lJ 398.2 Phi ‡aJuvenile - NonFiction ‡tJuv Nonfiction ‡g25.00
852 . ‡p32269000514334 ‡jJ 398.2 Phi ‡gJuvenile - NonFiction ‡cJuv Nonfiction ‡y25.00 ‡bSBPL
901 . ‡a124867 ‡bUnknown ‡c124867 ‡tbiblio

Additional Resources